| 000 | 01304cam a22003617a 4500 | ||
|---|---|---|---|
| 003 | CHAP | ||
| 005 | 20220329142501.0 | ||
| 008 | 010608d2001 mx r 00110 spa d | ||
| 010 | _a84114 | ||
| 011 | _a85086 | ||
| 035 | _a95616 | ||
| 040 | _cCHAP | ||
| 090 | _aTesis | ||
| 100 | 0 | 0 |
_aSantoyo Juárez, Juan Alberto. _9102568 |
| 245 | 1 | 0 |
_aEvaluación de fungicidas para el control del Damping-off (Pythium y Fusarium sp.) en maíz _c/por Juan Alberto Santoyo Juárez |
| 260 |
_aChapingo, Méx. : _bEl autor, _c2001. |
||
| 300 |
_a47 h. : _bgráfs. |
||
| 502 | _aTesis (Ing. Agr. Esp. en Parasitología Agrícola) -- UACH. Departamento de Parasitología Agrícola | ||
| 590 |
_aALEPH _b10 _c20130110 _lUCH01 _h1442 |
||
| 590 |
_aBATCH-UPD _b10 _c20130110 _lUCH01 _h0714 |
||
| 590 |
_aBATCH-UPD _b10 _c20130410 _lUCH01 _h0359 |
||
| 590 |
_aBATCH-UPD _b10 _c20130914 _lUCH01 _h1136 |
||
| 590 |
_aCONVERSION _b10 _c20130109 _lUCH01 _h1347 |
||
| 650 | 1 | 4 |
_aDamping off. _931009 |
| 650 | 1 | 4 |
_aFungicidas. _944044 |
| 650 | 1 | 4 |
_aHongos patógenos. _956136 |
| 650 | 1 | 4 |
_aMaíz _xEnfermedades por hongos. _970941 |
| 901 | _aBK | ||
| 905 | _aMayto Villalobos S. | ||
| 942 | _cFOLL | ||
| 949 |
_aTesis _bBC _cTES _d33724000823340 _eTS2 _fc.2 _h38205 _i95616 _si |
||
| 949 |
_aTesis _bBC _cTES _d956161 _eTS1 _h38206 _i95616 _sb |
||
| 999 |
_c84114 _d84114 |
||